000 00301nam a22001337a 4500
008 170627b xxu||||| |||| 00| 0 eng d
020 _a9780844243368
041 _aeng
080 _a82
100 _a21
101 _aGJL
245 _aBOOKWORMS OTHER LITERARY TYPES
_cEBERTS.M
942 _2udc
_cBK
999 _c19193
_d19193